[Event "NOR-chT Elite qual"]
[Site "Oslo"]
[Date "2022.09.09"]
[Round "1"]
[White "Ingebretsen, Jens E"]
[Black "Sekkingstad, Thomas"]
[Result "1-0"]
[WhiteElo "2358"]
[BlackElo "1777"]
[PlyCount "91"]
[EventDate "2022.09.09"]
[EventType "team-tourn"]
[EventRounds "3"]
[EventCountry "NOR"]
[SourceTitle "EXT 2024"]
[Source "ChessBase"]
[SourceDate "2023.10.10"]
[SourceVersion "1"]
[SourceVersionDate "2023.10.10"]
[SourceQuality "1"]
[WhiteTeam "Oslo"]
[BlackTeam "Sotra"]
[WhiteTeamCountry "NOR"]
[BlackTeamCountry "NOR"]

1. Nf3 Nf6 2. d4 d5 3. Bf4 e6 4. e3 c5 5. Nbd2 Nc6 6. c3 Qb6 7. Rb1 Be7 8. Bd3 Bd7 9. dxc5 Bxc5 10. b4 Be7 11. 0-0 0-0 12. c4 a6 13. c5 Qd8 14. Qc2 h6 15. e4 dxe4 16. Nxe4 Nd5 17. Bd2 b6 18. a3 f5 19. Nc3 Nxc3 20. Bxc3 Qc7 21. cxb6 Qxb6 22. Rfd1 Rad8 23. Bc4 Kh8 24. Qe2 Nb8 25. Bd4 Qb7 26. Ne5 Be8 27. Bxe6 Nc6 28. Ba1 Rxd1+ 29. Rxd1 Bf6 30. Bd5 Qc7 31. Bxc6 Bxe5 32. Qxe5 Qxe5 33. Bxe5 Bxc6 34. Rd6 Re8 35. Rxh6+ Kg8 36. Rxc6 Rxe5 37. Kf1 a5 38. Rc5 Rxc5 39. bxc5 Kf7 40. c6 Ke6 41. Ke2 Kd6 42. Kd3 Kxc6 43. Kc4 g5 44. a4 Kb6 45. Kd5 g4 46. h4 1-0

[Event "Fagernes op"]
[Site "Fagernes"]
[Date "2022.04.11"]
[Round "2"]
[White "Oye Stromberg, Alexander"]
[Black "Sekkingstad, Thomas"]
[Result "1-0"]
[WhiteElo "2157"]
[BlackElo "1979"]
[PlyCount "71"]
[EventDate "2022.04.10"]
[EventType "swiss"]
[EventRounds "9"]
[EventCountry "NOR"]
[SourceTitle "CBM 207 Extra"]
[Source "ChessBase"]
[SourceDate "2022.05.31"]
[SourceVersion "1"]
[SourceVersionDate "2022.05.31"]
[SourceQuality "1"]

1. e4 c6 2. d4 d5 3. e5 c5 4. dxc5 Nc6 5. Nf3 Bg4 6. c3 Bxf3 7. Qxf3 e6 8. Be3 Nxe5 9. Bb5+ Nd7 10. c4 Ngf6 11. Nc3 Be7 12. cxd5 exd5 13. 0-0 0-0 14. Nxd5 Nxd5 15. Qxd5 Nxc5 16. Qf3 Qb6 17. Bd3 Qe6 18. Bf5 Qf6 19. Rac1 b6 20. b4 Ne6 21. Qe4 g6 22. Bxe6 Qxe6 23. Qxe6 fxe6 24. b5 Rac8 25. Rfd1 Rxc1 26. Rxc1 Rd8 27. g3 Rd7 28. Kg2 Kf7 29. Kf3 Rd3 30. Rc7 Ra3 31. Ke4 Ra4+ 32. Ke5 Ke8 33. Kxe6 Kd8 34. Rxe7 Re4+ 35. Kd6 Rxe7 36. Bg5 1-0

[Event "Skien-ch U20"]
[Site "Skien"]
[Date "2019.11.09"]
[Round "5"]
[White "Oye Stromberg, Alexander"]
[Black "Sekkingstad, Thomas"]
[Result "1-0"]
[WhiteElo "1980"]
[BlackElo "1711"]
[PlyCount "37"]
[EventDate "2019.11.08"]
[EventType "swiss"]
[EventRounds "7"]
[EventCountry "NOR"]
[SourceTitle "CBM 193 Extra"]
[Source "ChessBase"]
[SourceDate "2020.01.31"]
[SourceVersion "1"]
[SourceVersionDate "2020.01.31"]
[SourceQuality "1"]

1. e4 c6 2. d4 d5 3. f3 dxe4 4. fxe4 Nf6 5. e5 Nd5 6. Nf3 Bf5 7. Bd3 Bxd3 8. Qxd3 e6 9. 0-0 h6 10. c4 Nb4 11. Qb3 Qc7 12. Nc3 c5 13. a3 N4a6 14. d5 Nd7 15. Bf4 Rd8 16. Rae1 Qb6 17. Qc2 exd5 18. e6 Nf6 19. Ne5 1-0

[Event "Straume Bronstein Cup A"]
[Site "Straume"]
[Date "2019.10.27"]
[Round "1"]
[White "Riisem, Oyvind"]
[Black "Sekkingstad, Thomas"]
[Result "1-0"]
[WhiteElo "2142"]
[BlackElo "1540"]
[PlyCount "63"]
[EventDate "2019.10.27"]
[EventType "swiss (rapid)"]
[EventRounds "6"]
[EventCountry "NOR"]
[SourceTitle "EXT 2024"]
[Source "ChessBase"]
[SourceDate "2023.10.10"]
[SourceVersion "1"]
[SourceVersionDate "2023.10.10"]
[SourceQuality "1"]

1. d4 d5 2. c4 c6 3. Nf3 Nf6 4. Nc3 dxc4 5. e4 Bg4 6. Bxc4 e6 7. Be3 Nbd7 8. Qc2 Be7 9. Nd2 e5 10. h3 Bh5 11. 0-0 0-0 12. Nb3 Bg6 13. f3 Qc7 14. Rfd1 Rfd8 15. Rac1 a5 16. d5 Nb6 17. Qe2 a4 18. Nd2 cxd5 19. Bxd5 Nbxd5 20. Nxd5 Nxd5 21. Rxc7 Nxc7 22. Nc4 f6 23. Nb6 Rxd1+ 24. Qxd1 Rd8 25. Qxa4 Bf7 26. Qc2 Ne6 27. Nd5 Bf8 28. Qb3 Rd7 29. Qb5 Be8 30. Kf2 Kf7 31. Qc4 Kg8 32. Nxf6+ 1-0

[Event "Masfjorden Grand Prix"]
[Site "Sandnes"]
[Date "2019.02.16"]
[Round "3"]
[White "Sekkingstad, Thomas"]
[Black "Murugesh, Niran Jan"]
[Result "1-0"]
[WhiteElo "1690"]
[BlackElo "1574"]
[PlyCount "109"]
[EventDate "2019.02.15"]
[EventType "swiss"]
[EventRounds "5"]
[EventCountry "NOR"]
[SourceTitle "EXT 2024"]
[Source "ChessBase"]
[SourceDate "2023.10.10"]
[SourceVersion "1"]
[SourceVersionDate "2023.10.10"]
[SourceQuality "1"]

1. d4 Nf6 2. c4 g6 3. Nc3 Bg7 4. Nf3 0-0 5. Bf4 d6 6. h3 Nbd7 7. e3 Re8 8. Be2 Nh5 9. Bh2 c5 10. 0-0 b6 11. Qd2 Bb7 12. d5 Nhf6 13. e4 Ne5 14. Nxe5 dxe5 15. f4 exf4 16. Qxf4 Rf8 17. a3 Nd7 18. Rac1 Bd4+ 19. Kh1 Be5 20. Qf2 Bxh2 21. Kxh2 Ne5 22. b4 Qb8 23. Kg1 cxb4 24. axb4 a5 25. bxa5 bxa5 26. c5 f5 27. c6 fxe4 28. Qxf8+ Qxf8 29. Rxf8+ Rxf8 30. cxb7 Rb8 31. Ba6 Nd3 32. Bxd3 exd3 33. Rb1 Kf7 34. Kf2 e5 35. Ne4 a4 36. d6 Ke6 37. Nc5+ Kxd6 38. Na6 Re8 39. b8Q+ Rxb8 40. Nxb8 Kd5 41. Ke3 Kc4 42. Rc1+ Kb3 43. Kxd3 Kb2 44. Rf1 a3 45. Ke4 a2 46. Rf2+ Kb3 47. Rxa2 Kxa2 48. Kxe5 Kb1 49. Nd7 Kc2 50. Nf8 Kd2 51. Nxh7 Ke2 52. g4 Kf3 53. g5 Kg3 54. Kf6 Kxh3 55. Kxg6 1-0

[Event "Sotra U14"]
[Site "Sotra"]
[Date "2018.09.02"]
[Round "5"]
[White "Schick, Matheo"]
[Black "Sekkingstad, Thomas"]
[Result "1-0"]
[WhiteElo "1324"]
[BlackElo "1616"]
[PlyCount "69"]
[EventDate "2018.08.31"]
[EventType "tourn"]
[EventRounds "5"]
[EventCountry "NOR"]
[SourceTitle "EXT 2024"]
[Source "ChessBase"]
[SourceDate "2023.10.10"]
[SourceVersion "1"]
[SourceVersionDate "2023.10.10"]
[SourceQuality "1"]

1. e4 c6 2. d4 d5 3. exd5 cxd5 4. Bd3 Nf6 5. c3 Nc6 6. h3 e6 7. Bg5 Bd6 8. Nf3 Qb6 9. Qc2 Bd7 10. Nbd2 Rc8 11. a3 h6 12. Be3 Na5 13. 0-0 0-0 14. a4 a6 15. Ne5 Nc6 16. Ndf3 Nb4 17. Qb3 a5 18. cxb4 Bxb4 19. Rac1 Qd6 20. Nxd7 Nxd7 21. Bb5 Nf6 22. Rxc8 Rxc8 23. Rc1 Rxc1+ 24. Bxc1 Qc7 25. Be3 Ne4 26. Bd3 Nd6 27. Bf4 Qc6 28. Qc2 Qb6 29. Bxd6 Bxd6 30. Qc8+ Bf8 31. Ne5 Qxb2 32. Nd7 Qa1+ 33. Kh2 Qa3 34. Nxf8 Qxf8 35. Bh7+ 1-0

[Event "NOR-chT Club"]
[Site "Bergen"]
[Date "2018.05.10"]
[Round "1.4"]
[White "Sekkingstad, Thomas"]
[Black "Lobersli, Henrik Oie"]
[Result "0-1"]
[WhiteElo "1609"]
[BlackElo "2118"]
[PlyCount "44"]
[EventDate "2018.05.10"]
[EventType "team-swiss"]
[EventRounds "6"]
[EventCountry "NOR"]
[SourceTitle "EXT 2019"]
[Source "ChessBase"]
[SourceDate "2018.10.10"]
[SourceVersion "1"]
[SourceVersionDate "2018.10.10"]
[SourceQuality "1"]
[WhiteTeam "Sotra II"]
[BlackTeam "Kristiansund"]
[WhiteTeamCountry "NOR"]
[BlackTeamCountry "NOR"]

1. d4 Nf6 2. c4 c5 3. d5 b5 4. Qc2 g6 5. b3 Bg7 6. Bb2 0-0 7. e4 e6 8. Nf3 exd5 9. exd5 Re8+ 10. Be2 Qe7 11. Nc3 d6 12. Nxb5 Bf5 13. Qd1 Na6 14. a3 Nh5 15. Bxg7 Nf4 16. Be5 Nxg2+ 17. Kf1 Bh3 18. Kg1 dxe5 19. Qd2 e4 20. Nc3 exf3 21. Bxf3 Nh4 22. Be2 Qxe2 0-1

[Event "NOR-ch U12"]
[Site "Stavanger"]
[Date "2017.07.01"]
[Round "1"]
[White "Mansoor, Afras"]
[Black "Sekkingstad, Thomas"]
[Result "1-0"]
[WhiteElo "1876"]
[BlackElo "1192"]
[PlyCount "45"]
[EventDate "2017.07.01"]
[EventType "swiss"]
[EventRounds "9"]
[EventCountry "NOR"]
[SourceTitle "EXT 2024"]
[Source "ChessBase"]
[SourceDate "2023.10.10"]
[SourceVersion "1"]
[SourceVersionDate "2023.10.10"]
[SourceQuality "1"]

1. d4 d5 2. c4 c6 3. Nf3 Nf6 4. Nc3 dxc4 5. a4 Bf5 6. e3 Nbd7 7. Bxc4 Qc7 8. 0-0 e6 9. Qe2 Bd6 10. e4 Bg4 11. e5 Bxf3 12. Qxf3 Nxe5 13. dxe5 Bxe5 14. h3 0-0 15. Be3 Rfd8 16. Rfd1 Nd5 17. Bxd5 Bxc3 18. Bxc6 Bxb2 19. Bxb7 Bxa1 20. Bxa8 Bf6 21. Rxd8+ Bxd8 22. Qd1 Qb8 23. Bf3 1-0

[Event "Liljevatnet BGP U14"]
[Site "Liljevatnet"]
[Date "2016.09.25"]
[Round "4"]
[White "Brattetveit, Olav"]
[Black "Sekkingstad, Thomas"]
[Result "1/2-1/2"]
[WhiteElo "1085"]
[BlackElo "847"]
[PlyCount "151"]
[EventDate "2016.09.23"]
[EventType "swiss"]
[EventRounds "5"]
[EventCountry "NOR"]
[SourceTitle "EXT 2024"]
[Source "ChessBase"]
[SourceDate "2023.10.10"]
[SourceVersion "1"]
[SourceVersionDate "2023.10.10"]
[SourceQuality "1"]

1. c4 Nf6 2. Nc3 d5 3. cxd5 Nxd5 4. g3 Bf5 5. Bg2 Nxc3 6. bxc3 c6 7. Nf3 e6 8. 0-0 Bd6 9. d4 0-0 10. Re1 Nd7 11. e4 Bg4 12. e5 Be7 13. Qb3 Nb6 14. a4 Qd5 15. Nd2 Qxb3 16. Nxb3 Nc4 17. Nd2 Nxd2 18. Bxd2 Rac8 19. Rab1 b6 20. Rb3 c5 21. Ra1 cxd4 22. cxd4 Rc2 23. Bb4 Rfc8 24. h3 Bxb4 25. Rxb4 Bf5 26. a5 bxa5 27. Rxa5 R2c7 28. g4 Bg6 29. Rb7 Rxb7 30. Bxb7 Rc7 31. Rxa7 Kf8 32. Ra8+ Ke7 33. Bg2 Rc4 34. d5 exd5 35. Bxd5 Rc5 36. Ra7+ Kf8 37. Rd7 Ke8 38. Rd6 Ke7 39. f4 f6 40. Kf2 fxe5 41. fxe5 Be4 42. Bxe4 Rxe5 43. Rd4 h6 44. Kg3 g5 45. Ra4 Kf7 46. Kf3 Rb5 47. Ra6 Rb3+ 48. Kg2 Rb2+ 49. Kg3 Rb3+ 50. Bf3 Kg7 51. Ra7+ Kf6 52. Ra6+ Kg7 53. Re6 Ra3 54. Kf2 Ra2+ 55. Re2 Ra3 56. Kg3 Kf6 57. Kf2 Rb3 58. Re3 Rb2+ 59. Be2 Ra2 60. Kf3 Ra4 61. Rd3 Rf4+ 62. Ke3 Ra4 63. Rd4 Ra3+ 64. Bd3 Ra5 65. Ke4 Re5+ 66. Kf3 Re6 67. Bf5 Ra6 68. Re4 Ra3+ 69. Re3 Ra6 70. Re6+ Rxe6 71. Bxe6 Kxe6 72. Ke4 Kf6 73. Kd5 Kf7 74. Ke5 Ke7 75. Ke4 Ke6 76. Kf3 1/2-1/2

[Event "Hordaland-ch NGP"]
[Site "Bergen"]
[Date "2016.05.29"]
[Round "5"]
[White "Sekkingstad, Thomas"]
[Black "Brattetveit, Olav"]
[Result "0-1"]
[WhiteElo "757"]
[BlackElo "1034"]
[PlyCount "98"]
[EventDate "2016.05.27"]
[EventType "swiss"]
[EventRounds "5"]
[EventCountry "NOR"]
[SourceTitle "EXT 2024"]
[Source "ChessBase"]
[SourceDate "2023.10.10"]
[SourceVersion "1"]
[SourceVersionDate "2023.10.10"]
[SourceQuality "1"]

1. d4 d5 2. Nf3 Nf6 3. g3 Bf5 4. Bg2 e6 5. 0-0 Bd6 6. Nbd2 0-0 7. c4 c6 8. cxd5 cxd5 9. Nb3 Nbd7 10. Bd2 Rc8 11. Rc1 Nb6 12. Rxc8 Qxc8 13. Qc1 Qxc1 14. Rxc1 Nc4 15. Bc3 Ne4 16. Nbd2 Nxc3 17. bxc3 Nb6 18. c4 dxc4 19. Nxc4 Rc8 20. Nfd2 Bb4 21. Bxb7 Bxd2 22. Bxc8 Bxc1 23. Nd6 Nxc8 24. Nxc8 Bb1 25. Nxa7 Bxa2 26. e3 Kf8 27. Nc6 Bd5 28. Nb4 Bb7 29. Nc2 Ke7 30. Kf1 Bd2 31. Ke2 Ba5 32. Na1 Kd6 33. Nb3 Bb6 34. Kd3 Bd5 35. Nd2 Ke7 36. Nc4 Bxc4+ 37. Kxc4 Kf6 38. f3 e5 39. Kd5 exd4 40. exd4 Kf5 41. Kc4 Ke6 42. d5+ Kd6 43. Kb5 Bg1 44. h3 Kxd5 45. Kb4 Kd4 46. Kb5 Bh2 47. g4 Ke3 48. Kc6 Kxf3 49. Kd7 Kg3 0-1